| 000 | 00950nam a22001937a 4500 | ||
|---|---|---|---|
| 010 | _aHIN-129727 | ||
| 020 |
_a9789380970134 _c200.00 |
||
| 035 | _aHN-102073 | ||
| 037 | _bDBAD | ||
| 082 |
_2प्रथम _a158.1 |
||
| 100 |
_aशर्मा ,गोपाल बाबू _981030 |
||
| 245 |
_aजीना सीखें: _bहँसते- मुस्कुराते हुए जीवन जीने की कला / _cगोपाल बाबू शर्मा [एवं] दीक्षा अग्रवाल |
||
| 250 | _aप्रथम | ||
| 260 |
_aमथुरा(उत्तर प्रदेश) _bप्रेरणा प्रकाशन _c2016 |
||
| 270 |
_aहालनगंज, _bमथुरा _k09410082632 |
||
| 300 |
_a88पृ. _c22सेमी.(सजिल्द) |
||
| 700 |
_aअग्रवाल,दीक्षा _981031 |
||
| 942 |
_2ddc _cHN _h158.1 _mशर्मागो |
||
| 999 |
_c211159 _d211159 |
||